Normal view
MARC view
- Soil mechanics
Entry Topical Term
001 - CONTROL NUMBER
- control field: 30200
003 - CONTROL NUMBER IDENTIFIER
- control field: NUST
005 - DATE AND TIME OF LATEST TRANSACTION
- control field: 20200917103357.0
008 - FIXED-LENGTH DATA ELEMENTS
- fixed length control field: 200917|| aca||aabn | a|a d
040 ## - CATALOGING SOURCE
- Original cataloging agency: NUST
- Transcribing agency: NUST
150 ## - HEADING--TOPICAL TERM
- Topical term or geographic name entry element: Soil mechanics
670 ## - SOURCE DATA FOUND
- Source citation: Work cat.: (NUST)0: Rajapakse, Ruwan, author. 30198, Geotechnical engineering calculations and rules of thumb /
